[Event "BAN-chB 42nd"]
[Site "Dhaka"]
[Date "2016.10.28"]
[Round "9"]
[White "Md Shahidul, Islam"]
[Black "Sanjay, Mondal"]
[Result "1-0"]
[WhiteElo "1816"]
[BlackElo "1796"]
[PlyCount "69"]
[EventDate "2016.10.20"]
[EventType "swiss"]
[EventRounds "11"]
[EventCountry "BAN"]
[SourceTitle "CBM 175 Extra"]
[Source "ChessBase"]
[SourceDate "2016.12.12"]
[SourceVersion "1"]
[SourceVersionDate "2016.12.12"]
[SourceQuality "1"]

1. e4 Nf6 2. Bc4 Nxe4 3. Bxf7+ Kxf7 4. Qh5+ g6 5. Qd5+ e6 6. Qxe4 Bg7 7. Nc3 Rf8 8. Nge2 d5 9. Qf3+ Kg8 10. Qg3 c6 11. d3 Nd7 12. h4 Nf6 13. Bg5 Qe8 14. Bxf6 Bxf6 15. h5 e5 16. 0-0-0 Bf5 17. hxg6 Bxg6 18. Rde1 Qf7 19. Kb1 Bg7 20. f3 a5 21. Rh4 b5 22. f4 Rae8 23. Reh1 Re7 24. Qh3 Bf6 25. f5 Bg5 26. fxg6 Qf1+ 27. Nc1 Qf6 28. Rxh7 Qxg6 29. Rxe7 Bxe7 30. Qh8+ Kf7 31. Qxe5 Kg8 32. Qxe7 a4 33. g4 Rf7 34. Qe8+ Rf8 35. Qxg6# 1-0